К вопросу о возможностях Интернета в повышении эффективности рекламы; Прогрессивные технологии и экономика в машиностроении

Detalles Bibliográficos
Parent link:Прогрессивные технологии и экономика в машиностроении.— 2015.— [С. 402-404]
Autor Principal: Полянская А. А.
Autor Corporativo: Национальный исследовательский Томский политехнический университет (ТПУ) Юргинский технологический институт (филиал) (ЮТИ) Кафедра экономики и автоматизироанных систем управления (ЭАСУ)
Outros autores: Соловенко И. С. Игорь Сергеевич (научный руководитель)
Summary:Заглавие с экрана
Idioma:ruso
Publicado: 2015
Series:Экономика, менеджмент и маркетинг на предприятии
Subjects:
Acceso en liña:http://earchive.tpu.ru/handle/11683/17717
http://www.lib.tpu.ru/fulltext/c/2015/C57/173.pdf
Formato: MixedMaterials Electrónico Capítulo de libro
KOHA link:https://koha.lib.tpu.ru/cgi-bin/koha/opac-detail.pl?biblionumber=611867

MARC

LEADER 00000naa2a2200000 4500
001 611867
005 20260417124728.0
035 |a (RuTPU)RU\TPU\conf\9714 
035 |a RU\TPU\conf\9713 
090 |a 611867 
100 |a 20150422d2015 k y0rusy50 ca 
101 0 |a rus 
102 |a RU 
135 |a drgn ---uucaa 
181 0 |a i  
182 0 |a b 
200 1 |a К вопросу о возможностях Интернета в повышении эффективности рекламы  |f А. А. Полянская  |g науч. рук. И. С. Соловенко 
203 |a Текст  |c электронный 
215 |a 1 файл(308 Кб) 
225 1 |a Экономика, менеджмент и маркетинг на предприятии 
300 |a Заглавие с экрана 
320 |a [Библиогр.: с. 404 (4 назв.)] 
337 |a Adobe Reader 
463 1 |0 (RuTPU)RU\TPU\conf\9525  |t Прогрессивные технологии и экономика в машиностроении  |o сборник трудов VI Всероссийской научно-практической конференции для студентов и учащейся молодежи, 9-11 апреля 2015 г., Юрга  |f Национальный исследовательский Томский политехнический университет (ТПУ), Юргинский технологический институт (ЮТИ) ; под ред. Д. А. Чинахова  |v [С. 402-404]  |d 2015 
610 1 |a электронный ресурс 
610 1 |a труды учёных ТПУ 
610 1 |a возможности 
610 1 |a Интернет 
610 1 |a эффективность 
610 1 |a реклама 
700 1 |a Полянская  |b А. А. 
702 1 |a Соловенко  |b И. С.  |c историк, специалист в области экономики  |c доцент Юргинского технологического института (филиал) Томского политехнического университета  |f 1971-  |g Игорь Сергеевич  |4 727 
712 0 2 |a Национальный исследовательский Томский политехнический университет (ТПУ)  |b Юргинский технологический институт (филиал) (ЮТИ)  |b Кафедра экономики и автоматизироанных систем управления (ЭАСУ)  |3 (RuTPU)RU\TPU\col\18900 
801 1 |a RU  |b 63413507  |c 20101016 
801 2 |a RU  |b 63413507  |c 20210212  |g RCR 
856 4 |u http://earchive.tpu.ru/handle/11683/17717 
856 4 |u http://www.lib.tpu.ru/fulltext/c/2015/C57/173.pdf 
942 |c BK